| 000 | 00926cab a2200253 4500 | ||
|---|---|---|---|
| 001 | ABS58664 | ||
| 008 | 090401t1998 xxu||||| |||| 00| 0 eng d | ||
| 035 | _a(Sirsi) u86359 | ||
| 041 | _aeng | ||
| 100 | _aCarpenter, A. | ||
| 245 | _aSpeeding up construction | ||
| 260 | _c1998 | ||
| 350 | _a0 | ||
| 490 |
_aProperty Week _v63(3) 1 May 1998, 38-39(2) |
||
| 520 | _aExpresses concern that the Housing Grants, Construction & Regeneration Act 1996 may give contractors the upper hand over developers in contract claims. | ||
| 650 | _aMANAGEMENT-DISPUTE AVOIDANCE, MANAGEMENT AND RESOLUTION-DISPUTE MANAGEMENT AND RESOLUTION-ALTERNATIVE DISPUTE RESOLUTION-ADJUDICATION | ||
| 650 | _aCONTRACT CLAIMS | ||
| 650 | _aCONTRACTORS | ||
| 650 | _aDEVELOPERS | ||
| 650 | _aHOUSING GRANTS CONSTRUCTION AND REGENERATION ACT 1996 | ||
| 690 | _aBUILT ENVIRONMENT-BUILDING CONTRACT FORMS | ||
| 942 | _n0 | ||
| 948 | _c21/05/1998 | ||
| 999 |
_c54349 _d54349 |
||